Nghiên cứu cây thức ăn gia súc ở Việt Nam

Guardat en:
Dades bibliogràfiques
Autor principal: Nguyễn Đăng Khôi
Format: Llibre
Idioma:Undetermined
Publicat: Hà Nội KHKT 1985
Matèries:
Etiquetes: Afegir etiqueta
Sense etiquetes, Sigues el primer a etiquetar aquest registre!
Thư viện lưu trữ: Trung tâm Học liệu Trường Đại học Cần Thơ
LEADER 00675nam a2200205Ia 4500
001 CTU_12224
008 210402s9999 xx 000 0 und d
082 |a 633.2 
082 |b Kh452/T.3 
100 |a Nguyễn Đăng Khôi 
245 0 |a Nghiên cứu cây thức ăn gia súc ở Việt Nam 
245 0 |c Nguyễn Đăng Khôi, Nguyễn Hữu Hiến 
260 |a Hà Nội 
260 |b KHKT 
260 |c 1985 
526 |a Đồng cỏ 
526 |b NNN630 
650 |a feeds,forage plants 
904 |i Mai chuyển số PL từ 636.086 thành 633.2 chưa in nhãn 
980 |a Trung tâm Học liệu Trường Đại học Cần Thơ